000 01016nam a2200289Ia 4500
001 4665
005 20260220004408.0
008 160601s1999 sp g 000 0 spa
020 _a8476729162
020 _a9788476729168
040 _aCO-BoRNBP
_bspa
_erda
_cCO-BoRNBP
084 _aN STO2
100 1 _aStoker, Bram
_d1847-1912
_969083
245 1 0 _aDrácula
_cBram Stoker ; traducción Elena Cortada de la Rosa ; prólogo y presentación Francesc Ll. Cardona
250 _a1a. edición
264 _aBarcelona
_bEdicomunicación
_c1999
300 _a351 p
_c22 cm
336 _atexto
_btxt
_2rdacontent
337 _asin mediación
_bn
_2rdamedia
338 _avolumen
_bnc
_2rdacarrier
650 1 4 _2LEMB
_aNovela juvenil inglesa
_ySiglo XIX
_968046
650 1 4 _2LEMB
_aLiteratura juvenil inglesa
_ySiglo XIX
_968047
650 1 4 _2LEMB
_aVampiros en la literatura
_931965
650 1 4 _2LEMB
_aTerror en la literatura
_91049
700 1 _aCortada de la Rosa, Elena
_etraductor
_964478
942 _2loc
_cBKLIT
999 _c4665
_d4665